De la décadence de la France / (Record no. 162981)

MARC details
000 -LEADER
campo de control de longitud fija 00639nam a2200193 i 4500
001 - NÚMERO DE CONTROL
campo de control 162981
003 - IDENTIFICADOR DE NÚMERO DE CONTROL
campo de control ES-MaACL
005 - FECHA Y HORA DE LA ÚLTIMA TRANSACCIÓN
campo de control 20230906212636.0
008 - DATOS DE LONGITUD FIJA--INFORMACIÓN GENERAL
campo de control de longitud fija 050706s1850 fr | |||||||| ||fre d
040 ## - FUENTE DE CATALOGACIÓN
Centro catalogador/agencia de origen CAM
Lengua de catalogación spa
Centro/agencia transcriptor CAM
100 1# - ENTRADA PRINCIPAL--NOMBRE DE PERSONA
Nombre de persona Raudot.
9 (RLIN) 131623
245 10 - MENCIÓN DEL TÍTULO
Título De la décadence de la France /
Mención de responsabilidad, etc. par Raudot (de L'yonne).
250 ## - MENCION DE EDICION
Mención de edición 2e éd. augm.
260 ## - PUBLICACIÓN, DISTRIBUCIÓN, ETC.
Lugar de publicación, distribución, etc. Paris :
Nombre del editor, distribuidor, etc. Amyot,
Fecha de publicación, distribución, etc. 1850 (
Fabricante Imprimerie de Crapelet)
300 ## - DESCRIPCIÓN FÍSICA
Extensión III, 150 p. ;
Dimensiones 21 cm.
596 ## - NOTA AL PIE DE IMPRENTA
NOTA AL PIE DE IMPRENTA El imp. consta en verso de la antep.
651 #4 - PUNTO DE ACCESO ADICIONAL DE MATERIA--NOMBRE GEOGRÁFICO
Nombre geográfico Francia-
Subdivisión general Situación social.
9 (RLIN) 8718
852 ## - LOCALIZACIÓN
Ubicación ES-MaACL
Número de control de estantería T-615-F-4
Nota libre -- Enc. hol.
-- -- Enc. en un vol. facticio
Holdings
Estatus retirado Estado de pérdida Estado de daño No para préstamo Colección Biblioteca de origen Biblioteca actual Ubicación en estantería Fecha de adquisición Total de préstamos Signatura topográfica completa Código de barras Visto por última vez Precio de reemplazo Tipo de ítem Koha
        Colección de folletos Biblioteca del Ateneo de Madrid Biblioteca del Ateneo de Madrid Depósito folletos 17/01/2008   T-615-F-4 1170762 23/02/2023 23/02/2023 Folleto